[Event "Titled Tuesday intern op 16th May Late"]
[Site "Chess.com INT"]
[Date "2023.05.16"]
[Round "8"]
[White "Chen, Ryo"]
[Black "Deviprasath, Sharvesh"]
[Result "0-1"]
[WhiteElo "2406"]
[BlackElo "2296"]
[PlyCount "50"]
[EventDate "2023.05.16"]
[EventType "swiss (blitz)"]
[EventRounds "11"]
[EventCountry "USA"]
[SourceTitle "CBM 214 Extra"]
[Source "ChessBase"]
[SourceDate "2023.07.31"]
[SourceVersion "1"]
[SourceVersionDate "2023.07.31"]
[SourceQuality "1"]

1. e4 c5 2. Nf3 e6 3. d4 cxd4 4. Nxd4 a6 5. Nc3 b5 6. Bd3 Bb7 7. 0-0 Nc6 8. Nxc6 Bxc6 9. Re1 d6 10. a4 b4 11. Nd5 a5 12. Be3 Rb8 13. Bd4 Nf6 14. Nxf6+ gxf6 15. c3 e5 16. Be3 bxc3 17. bxc3 Bg7 18. Qg4 Rg8 19. Bc4 Qd7 20. Qh4 h6 21. g3 Rc8 22. Bb5 f5 23. Bxc6 Rxc6 24. exf5 Qxf5 25. c4 Bf6 0-1